Obrazy z dějin lázeňství

Titel: Obrazy z dějin lázeňství / Vladimír Křížek
Verfasser:
Ausgabe: 2. vyd., v Libri 1.
Veröffentlicht: Praha : Nakl. Libri, 2002
Umfang: 263 S. : Ill., graph. Darst. ; 21 cm
Format: Buch
Sprache: Tschechisch
RVK-Notation:
Schlagworte:
ISBN: 8072770926
Buchumschlag
X
alg: 19253842
001A    $06000:29-11-07 
001B    $01999:13-08-17 $t09:39:05.000 
001C    $06000:29-11-07 $t23:15:54.000 
001D    $06000:29-11-07 
001U    $0utf8 
001X    $00 
002@    $0Aaxaf 
003@    $019253842X 
004A    $080-7277-092-6 $f kart. : Kč 290.00 
006G    $0979982774 
006U    $007,A50,0844 $f20060601 
007A    $0979982774 $aDNB 
007T    $0Herdp08178 
010@    $acze 
011@    $a2002 $n2002 
013H    $0g 
015@    $00 
017A    $asf 
021A    $aObrazy z dějin lázeňství $hVladimír Křížek 
028A    $#Křížek-Štěpánek, ... $7132686155 $8Křížek, Vladimír$Z1924-2003 [Tp1] $9184982111 
032@    $a2. vyd., v Libri 1. 
033A    $pPraha $nNakl. Libri 
034D    $a263 S. 
034I    $a21 cm 
034M    $aIll., graph. Darst. 
037A    $aLiteraturverz. S. 260 - [264] 
039U    $8--Aox--. Křížek, Vladimír, 1924-2003. Obrazy z dějin lázeňství. - Praha : Nakl. Libri. -  2002 [Rezension], 2002 $9395183618 
041A    $RDeutsches Sprachgebiet $RDeutschland $RDeutschland $#Deutsche Länder $#Germany Deutschland $#Heiliges Römisches Reich $#Rheinbund $#Deutscher Bund $#Norddeutscher Bund $#Deutsches Reich $#Deutschland Gebiet unter Alliierter Besatzung $#Deutschland Bundesrepublik, 1990- $#BRD 1990- $#Federal Republic of Germany Deutschland $#Republic of Germany Deutschland $#Allemagne Deutschland $#Ǧumhūrīyat Almāniyā al-Ittiḥādīya $#Bundesrepublik Deutschland 1990- $#BRD $#Niemcy $#République Fédérale d'Allemagne Deutschland $#Repubblica Federale di Germania Deutschland $#Germanija $#Federativnaja Respublika Germanija $#FRG $#Deyizhi-Lianbang-Gongheguo $74011882-4 $8Deutschland [Tg1] $9085025550 
041A/01 $RBad $RBadeort $RHeilquelle $#Health resorts $#Stations climatiques, thermales, etc. $#Heilbäder $74024021-6 $8Heilbad [Ts1] $9085059668 
041A/02 $RBalneotherapie $#Balneology $#Balnéothérapie $#Balneology $#Bäderheilkunde $#Bäderkunde $#Heilquellenkunde $74069108-1 $8Balneologie [Ts1] $9085194085 
041A/03 $RKneippkur $#Hydrotherapy $#Hydrothérapie $#Kneipp-Behandlung $#Kneipp-Therapie $74210367-8 $8Kneippanwendung [Ts1] $9086079271 
045E    $c610 
045F    $a615.8530943 $eDDC22ger 
045F/01 $a615.853 
045F/03 $g43 
045R    $aGeschichte 
045Z    $8XB 5100 [Tkv] $9412939819 

lok: 19253842 78

exp: 19253842 78 1 #EPN
201B/01 $026-11-17 $t00:13:51.000 
201U/01 $0utf8 
203@/01 $0792052595 
208@/01 $a12-11-16 $be 
209A/01 $a/ $f000 $x00 
220C/01 $aTitelaufnehmer: rb 
220C/01 $aHerkunft: HÚ AV ČR Praha 
237A/01 $aErste Auflage: Prag (Avicenum) 1987 
244Z/01 $#Tschechien $#Tschechische Republik $#Tschechische Republik $#Tschechenland $#Tschechei Tschechien $#Česká Republika $#Czech Republic $#ČR $74303381-7 $8--Tg1--Tschechien $x01 $9086659812 
244Z/01 $2Trx $#Böhmen $#Bohemia $#Czechy $8--Trx--Čechy $x02 $9391188941 
244Z/01 $2Trx $#kuurortid $#kurortai $#Spa and resort towns $#gyógyüdülöhelyek $#uzdrowiska $#kúpele $#lázně $#Badeorte $#Kurbäder $#Heilbäder $#kúpeľné mestá $8--Trx--Kurorte $x03 $9391356143 
244Z/01 $2Trx $#tervishoid $#sveikatos apsauga $#health services $#egészségügy $#zdrowie i służba zdrowia $#zdravotníctvo $#zdravotnictví $#Rotes Kreuz $#Czerwony Krzyż $#służba zdrowia $#Červený kríž $#Červený kříž $8--Trx--Gesundheitswesen $x04 $9391381342 
244Z/01 $2Trx $8--Trx--Monographie $x05 $9391384546 
245Z/01 $a09.09 $x01 
247C/01 $82080>Marburg/Lahn, Herder-Institut, Forschungsbibliothek, Bibliographieportal $9336309341
LEADER 00000cam a22000002c 4500
001 19253842X
003 DE-603
005 20170813093905.0
007 tu
008 071129s2002 xx |||| | u00||u|cze
015 |a 07,A50,0844  |2 dnb 
016 7 |2 DE-101  |a 979982774 
020 |a 8072770926  |c  kart. : Kč 290.00 
035 |a (DE-599)DNB979982774 
040 |a DE-603  |b ger  |c DE-603  |d DE-603 
041 |a cze 
082 0 4 |8 1\u  |a 615.8530943  |q DE-101  |2 22/ger 
084 |a 610  |q DE-101  |2 sdnb 
084 |a XB 5100  |0 (DE-625)152476:12905  |0 (DE-603)412939819  |2 rvk 
085 |8 1\u  |b 615.853 
085 |8 1\u  |z 2  |s 43 
090 |a b 
100 1 |a Křížek, Vladimír  |d 1924-2003  |0 (DE-603)184982111  |0 (DE-588)132686155  |2 gnd 
245 0 0 |a Obrazy z dějin lázeňství  |c Vladimír Křížek 
250 |a 2. vyd., v Libri 1. 
264 1 |a Praha  |b Nakl. Libri  |c 2002 
300 |a 263 S.  |b Ill., graph. Darst.  |c 21 cm 
500 |a Literaturverz. S. 260 - [264] 
648 7 |a Geschichte  |2 gnd 
650 7 |a Heilbad  |0 (DE-588)4024021-6  |0 (DE-603)085059668  |2 gnd 
650 7 |a Balneologie  |0 (DE-588)4069108-1  |0 (DE-603)085194085  |2 gnd 
650 7 |a Kneippanwendung  |0 (DE-588)4210367-8  |0 (DE-603)086079271  |2 gnd 
651 7 |a Deutschland  |0 (DE-588)4011882-4  |0 (DE-603)085025550  |2 gnd 
787 0 8 |i Rezensiert in  |t Křížek, Vladimír, 1924-2003. Obrazy z dějin lázeňství. - Praha : Nakl. Libri. - 2002 [Rezension]  |w (DE-603)395183618 
924 0 |9 2080  |a (DE-603)792052595  |b DE-2080  |c HES  |d d  |g /